000 00246nam a2200097Ia 4500
008 230508s2005 xx 000 0 und d
041 _aeng
100 _aMODI, SETH
245 _aHYDRAULICS AND FLUID MECHANICS
260 _bSTANDERD BOOK HOUSE
_c2005
999 _c339541
_d339541